000 01537nam a2200301 a 4500
001 BRCA_2409
005 20190320203808.0
008 121108s1736----fr-a---###---#000-0#spa-u
041 _aspa
044 _afr
084 _a050
_b.B67
_c1736
100 1 _aCervantes Saavedra, Miguel de
_d1547-1616
_9213
245 1 0 _aVida y hechos del Ingenioso Hidalgo Don Quixote de la Mancha
_ccompuesto por Miguel de Cervantes Saavedra.
260 _aLeón de Fancia
_bJ. y P. Bonnardel
_c1736
300 _a2 v.
_bil.
_c20 cm.
500 _aContenido : v 1. Parte primera. Prólogo del autor. Versos preliminares. Texto. -- v 2. Parte segunda. Aprovaciones y licencia de la edición príncipe. Texto
500 _aEdición : Nueva edición corregida y ilustrada con diferentes estampas muy donosas y apropiadas a la materia
500 _aPrimera edición conocida que se imprimió en Francia en español. Va ilustrada con las láminas de la de Bruselas de 1662, grabadas nuevamente por E. Diodati. También suprime las dedicatorias de Cervantes. La impresión es mala y el papel regular Lúdovik Osterc
500 _aEstado físico : Encuadernación desprendida en el volúmen 1
500 _aQM36
650 1 4 _aNovela española
_yÉpoca clásica, 1500-1700
_9215
650 1 4 _aLiteratura española
_yÉpoca clásica, 1500-700
_97092
650 1 4 _aNovela española
_ySiglo XVII
_9217
650 1 4 _aDon Quijote (Personaje ficticio)
_eNovela
_9218
740 0 _aEl Ingenioso Hidalgo Don Quijote de la Mancha
902 _aQFM
942 _2lcc
_cB
999 _c2150
_d2150